5 TV Shows Per Decade Quiz Stats

 Plays Quiz not verified by Sporcle

Challenge
Share
Tweet
Embed
Score 0/30 Timer 06:00
2 Plays Today
% Correct
Game of Thrones
92.8%
House of Cards
90.6%
The Walking Dead
89.5%
Lost
83.9%
Scrubs
82.4%
The Sopranos
80.7%
Prison Break
80.3%
Seinfeld
79.2%
Home Improvement
79.1%
The Fresh Prince of Bel-Air
77.5%
Family Ties
75.9%
Arrow
75.6%
Gilmore Girls
75.5%
Boy Meets World
74.4%
The Dick Van Dyke Show
73.9%
% Correct
The Beverly Hillbillies
73.7%
Gilligan's Island
73.6%
The Andy Griffith Show
72.5%
Once Upon a Time
72.2%
Magnum, P.I.
70.9%
The A-Team
69.3%
All in the Family
67.3%
Hill Street Blues
66.5%
Family Matters
64.1%
Green Acres
63.9%
Sanford and Son
61.8%
The Mary Tyler Moore Show
60.8%
The Rockford Files
59.4%
The Waltons
51.8%
Newhart
46.9%

You're not logged in!

Compare scores with friends on all Sporcle quizzes.
Join for Free
OR
Log In

You Might Also Like...

Show Comments

Extras

Top Quizzes Today


Score Distribution

Your Account Isn't Verified!

In order to create a playlist on Sporcle, you need to verify the email address you used during registration. Go to your Sporcle Settings to finish the process.

Report this User

Report this user for behavior that violates our Community Guidelines.

Details: